书目信息 |
| 题名: |
领导越当越轻松
|
|
| 作者: | 王玉新 著 | |
| 分册: | ||
| 出版信息: | 北京 中国时代经济出版社 2005.1 |
|
| 页数: | 296页 | |
| 开本: | 21cm | |
| 丛书名: | 超越丛书 | |
| 单 册: | ||
| 中图分类: | C933 | |
| 科图分类: | ||
| 主题词: | 领导学--ling dao xue | |
| 电子资源: | ||
| ISBN: | 7-80169-665-4 | |
| 000 | 01223nam0 2200325 450 | |
| 000 | 01242nam0 2200325 450 | |
| 000 | 01205nam0 2200313 450 | |
| 000 | 01188nam0 2200313 450 | |
| 000 | 01151nam0 2200301 45 | |
| 001 | 012005000000 | |
| 005 | 20050908163221.59 | |
| 010 | @a7-80169-665-4@dCNY18.00 | |
| 100 | @a20050418d2005 em y0chiy0121 ea | |
| 101 | 0 | @achi |
| 102 | @aCN@b110000 | |
| 105 | @ay z 000yy | |
| 200 | 1 | @a领导越当越轻松@Aling dao yue dang yue qing song@e面目一新的领导法则@f王玉新著 |
| 210 | @a北京@c中国时代经济出版社@d2005.1 | |
| 215 | @a296页@d21cm | |
| 225 | 2 | @a超越丛书@Achao yue cong shu |
| 314 | @a王玉新,主要从事领导科学和哲学的教学和研究,著有《领导越当越智慧》。 | |
| 330 | @a本书由100多篇文章组成,文笔生动活泼,每篇文章一个主题,独立成篇,且全书又有内在逻辑联系,内容广泛,涵盖了领导科学的大部分方法性内容,思维新颖、深刻;视角出入意料;结论创见迭出;贴近实际,易学易用。 | |
| 333 | @a阅读对象:各种企业领导 | |
| 461 | 0 | @12001 @a超越丛书 |
| 517 | 1 | @a面目一新的领导法则@Amian mu yi xin de ling dao fa ze |
| 606 | 0 | @a领导学@Aling dao xue |
| 690 | @aC933@v4 | |
| 701 | 0 | @a王玉新@Awang yu xin@4著 |
| 801 | 0 | @aCN@bSRXX@c20050908 |
| 905 | @a10447@dC933@eW440 | |
| 领导越当越轻松:面目一新的领导法则/王玉新著.-北京:中国时代经济出版社,2005.1 |
| 296页;21cm.-(超越丛书) |
| 使用对象:阅读对象:各种企业领导 |
| ISBN 7-80169-665-4:CNY18.00 |
| 本书由100多篇文章组成,文笔生动活泼,每篇文章一个主题,独立成篇,且全书又有内在逻辑联系,内容广泛,涵盖了领导科学的大部分方法性内容,思维新颖、深刻;视角出入意料;结论创见迭出;贴近实际,易学易用。 |
| ● |
| 相关链接 |
|
|
|
正题名:领导越当越轻松
索取号:C933/W440
 
预约/预借
| 序号 | 登录号 | 条形码 | 馆藏地/架位号 | 状态 | 备注 |
| 1 | 541203 | 205412034 | 社科库509/509社科库 65排6列1层/ [索取号:C933/W440] | 在馆 | |
| 2 | 541204 | 205412043 | 社科库509/509社科库 65排6列1层/ [索取号:C933/W440] | 在馆 | |
| 3 | 541205 | 205412052 | 社科库509/509社科库 65排6列1层/ [索取号:C933/W440] | 在馆 |